Pokémons de type normal (types indiqués) - Statistiques

Statistiques générales
  • Ce quiz a été pris 29 fois
  • Le résultat moyen est 80 sur 133
Statistiques - réponses
Hint Réponse % Correct
#021 Normal / Vol Piafabec
95%
#022 Normal / Vol Rapasdepic
95%
#018 Normal / Vol Roucarnage
95%
#016 Normal / Vol Roucool
95%
#017 Normal / Vol Roucoups
95%
#133 Normal Evoli
90%
#113 Normal Leveinard
90%
#020 Normal ou Normal / Ténèbres Rattatac ou Rattatac d'Alola
90%
#019 Normal ou Normal / Ténèbres Rattata ou Rattata d'Alola
90%
#143 Normal Ronflex
90%
#085 Normal / Vol Dodrio
85%
#084 Normal / Vol Doduo
85%
#162 Normal Fouinar
85%
#161 Normal Fouinette
85%
#242 Normal Leuphorie
85%
#440 Normal Ptiravi
85%
#083 Normal / Vol Canarticho
80%
#400 Normal / Eau Castorno
80%
#040 Normal / Fée Grodoudou
80%
#163 Normal / Vol Hoothoot
80%
#115 Normal Kangourex
80%
#052 Normal Miaouss
80%
#164 Normal / Vol Noarfang
80%
#053 Normal Persian
80%
#039 Normal / Fée Rondoudou
80%
#128 Normal Tauros
80%
#493 Normal Arceus
75%
#398 Normal / Vol Etouraptor
75%
#396 Normal / Vol Etourmi
75%
#397 Normal / Vol Etourvol
75%
#277 Normal / Vol Hélédelle
75%
#399 Normal Keunotor
75%
#508 Normal Mastouffe
75%
#132 Normal Métamorph
75%
#276 Normal / Vol Nirondelle
75%
#519 Normal / Vol Poichigeon
75%
#507 Normal Ponchien
75%
#506 Normal Ponchiot
75%
#137Normal Porygon
75%
#263 Normal ou Ténèbres / Normal Zigzaton ou Zigzaton de Galar
75%
#521 Normal / Vol Déflaisan
70%
#241 Normal Ecrémeuh
70%
#446 Normal Goinfrex
70%
#264 Normal ou Ténèbres / Normal Linéon ou Linéon de Galar
70%
#661 Normal / Vol Passerouge
70%
#474 Normal Porygon-Z
70%
#235 Normal Queulorior
70%
#174 Normal / Fée Toudoudou
70%
#520 Normal / Vol Colombeau
65%
#108 Normal Excelangue
65%
#862 Ténèbres / Normal Ixon
65%
#233 Normal Porygon2
65%
#733 Normal / Vol Bazoucan
60%
#203 Normal / Psy Girafarig
60%
#765 Normal / Psy Gouroutan
60%
#667 Feu / Normal Hélionceau
60%
#428 Normal Lockpin
60%
#832 Normal Moumouflon
60%
#831 Normal Moumouton
60%
#668 Feu / Normal Némélios
60%
#732 Normal / Vol Piclairon
60%
#504 Normal Ratentif
60%
#486 Normal Regigigas
60%
#295 Normal Brouhabam
55%
#234 Normal Cerfrousse
55%
#432 Normal Chaffreux
55%
#431 Normal Chaglam
55%
#760 Normal / Combat Chelours
55%
#293 Normal Chuchmur
55%
#463 Normal Coudlangue
55%
#780 Normal / Dragon Draïeul
55%
#660 Normal / Sol Excavarenne
55%
#626 Normal Frison
55%
#627 Normal / Vol Furaiglon
55%
#694 Electrik / Normal Galvaran
55%
#628 Normal / Vol Gueriaigle
55%
#695 Electrik / Normal Iguolta
55%
#427 Normal Laporeille
55%
#505 Normal Miradar
55%
#289 Normal Monaflèmit
55%
#759 Normal / Combat Nounourson
55%
#287 Normal Parecool
55%
#731 Normal / Vol Picassaut
55%
#441 Normal / Vol Pijako
55%
#294 Normal Ramboum
55%
#659 Normal Sapereau
55%
#216 Normal Teddiursa
55%
#772 Normal Type:0
55%
#217 Normal Ursaring
55%
#288 Normal Vigoroth
55%
#298 Normal / Fée Azurill
50%
#981 Normal / Psy Farigiraf
50%
#586 Normal / Plante Haydaim
50%
#648 Normal / Psy ou Normal / Combat Meloetta ou Meloetta Danse
50%
#531 Normal Nanméouïe
50%
#773 Normal Silvallié
50%
#585 Normal / Plante Vivaldaim
50%
#571 Normal / Spectre Zoroark d'Hisui
50%
#570 Normal / Spectre Zorua d'Hisui
50%
#424 Normal Capidextre
45%
#190 Normal Capumain
45%
#352 Normal Kecleon
45%
#351 Normal Morphéo
45%
#928 Plante / Normal Olivini
45%
#945 Poison / Normal Tag-Tag
45%
#930 Plante / Normal Arboliva
40%
#735 Normal Argouste
40%
#899 Normal / Psy Cerbyllin
40%
#572 Normal Chinchidou
40%
#676 Normal Couafarel
40%
#301 Normal Delcatty
40%
#916 Normal Fragroin
40%
#915 Normal Gourmelet
40%
#944 Poison / Normal Gribouraigne
40%
#206 Normal Insolourdo
40%
#734 Normal Manglouton
40%
#967 Dragon / Normal Motorizard
40%
#573 Normal Pashmilla
40%
#300 Normal Skitty
40%
#327 Normal Spinda
40%
#901 Normal / Sol Ursaking
40%
#924 Normal Compagnol
35%
#982 Normal Deusolourdo
35%
#925 Normal Famignol
35%
#335 Normal Mangriff
35%
#929 Plante / Normal Olivado
35%
#1024 Normal Terapagos
35%
#876 Psy / Normal Wimessir
35%
#819 Normal Rongourmand
30%
#820 Normal Rongrigou
30%
#931 Normal / Vol Tapatoès
30%
#775 Normal Dodoala
20%
#333 Normal / Vol Tylton
20%
Aucun quiz correspondant
Distribution des résultats
% des personnes avec chaque résultat
Percentile par nombre de réponses
Votre historique - résultats
Vous n’avez pas pris ce quiz